Регионална библиотека "Любен Каравелов" - Русе

Късмет (Запис номер 81206)

MARC детайли
000 -Лидер
Контролно поле с фиксирана дължина 01262nam a2200313 c 4500
003 - Код на организацията, давaща контролен номер
Контролно поле BLK
005 - Дата и час на последна редакция
Контролно поле 20180422103935.0
008 - Елементи от данни с фиксирана дължина
fixed length control field 180408b bul|||||r ||||||| ||bul||
010 ## - Наследен системен номер
LC control number KNG00085705000
020 ## - Международен стандартен номер на книга ISBN
Международен стандартен номер на книга ISBN 978-954-384-003-8
-- издат.: Small Stations Press
040 ## - Източник на каталожния запис
Идентификатор на билиотеката - собственик на записа BLK
041 ## - Код за език
Код за езика на текст/звукозапис или на отделно заглавие Български
Код за езика КДБФ Български
080 ## - УДК
Текстов определител УДК Американска литература (на САЩ)
УДК код - определител по УДК 821.111(73)
УДК определител -1(081.2)
УДК - код + определител 821.111(73)-1(081.2)
100 1# - Редна дума - Автор
Автор Карвър, Реймънд
Авторска отговорност първи автор
R(LIN) 77021
139 ## - Редно поле
Редна дума Карвър, Реймънд
Авторски знак Караю - К 38
245 10 - Сведения за заглавието
Заглавие Късмет
Подзаглавни данни Избрани стихотворения
Редно поле (дума) Реймънд Карвър; предг. от Джонатан Дън; прев. Цветанка Стефанова Еленкова.
257 ## - Страна на издаване
Страна на създаване/издаване Съединени американски щати
260 ## - Област на издателските данни
-- София
Име на издателя, разпространителя и проч. Small Stations Press
Година на издаване 2007
Печатница София : Симолини
300 ## - Физическа характеристика
Страници 96 с.
Размери/Мащаб 22 см
380 ## - Жанр
Жанр Худож. лит.
500 ## - Общи забележки
Забележка Ориг. загл. Luck / Raymond Carver
700 1# - Други автори (авторска отговорност)
Лично име Дън, Джонатан
Автороска отговорност (Описва отношението между автора и произведението) предг. от
9 (RLIN) 372418
700 1# - Други автори (авторска отговорност)
Лично име Еленкова, Цветанка Стефанова
Автороска отговорност (Описва отношението между автора и произведението) прев.
9 (RLIN) 372419
852 ## - Местоположение
Форматна сигнатура Цб 241387
856 4# - Електронен адрес и достъп
Електронен формат pdf - файл
Път до файла /url/
856 4# - Електронен адрес и достъп
Електронен формат pdf - файл
Път до файла /url/
942 ## - АРТИКУЛИ
Вид на библиотечния материал Книги
Скрит в OPAC Не
944 ## - СЪЗДАВАНЕ И РЕДАКЦИЯ на ЗАПИСА
Създаване/Редакция Създаване
Дата на регистрацията/редакция 19.09.2008
Служител, извършил регистрацията/редакцията Милена_Ачева
944 ## - СЪЗДАВАНЕ И РЕДАКЦИЯ на ЗАПИСА
Създаване/Редакция Редакция
Дата на регистрацията/редакция 26.01.2009
Служител, извършил регистрацията/редакцията
999 ## - СИСТЕМНИ КОНТРОЛНИ НОМЕРА
Koha biblionumber 81206
Koha biblioitemnumber 81206
Наличности
Код за отписване Код за изгубен артикул Код за повреда Коз за рестрикции Код за отдаване Артикулен № Име на библиотеката - собственик Име на библиотеката, в която се намира в момента Статус (Текущо местоположение) Дата на вписване в системата Местоположение - отдел Цена в лева Инвентарен номер Систематично азбучна сигнатура Баркод Номер на екземпляра Цена в евро Служебна бележка Служебен тип на артикула
  Не е изгубен Не е повреден без рестрикции ползва се в читалня 131565 Регионална библиотека "Любен Каравелов" Русе Регионална библиотека "Любен Каравелов" Русе Хранилище 2008-09-19 Хранилище 15.00 120000729158 Цб 241387 120000729158 1 7.67 Дост: Dp Вид: Д N: 26 Дата: 11.06.2008 Книги
Vip Innovations Ltd, Rousse, Bulgaria 2025